Statistics for African Geography by Letter - J, U, V, W, X, Y and Z

Click here to take the quiz!

General Stats

  • This quiz has been taken 186 times
    (88 since last reset)
  • The average score is 31 of 52

Answer Stats

HintAnswer% Correct
JBiggest South African cityJohannesburg
100%
VLargest lake of AfricaVictoria
96%
UCountry of Idi AminUganda
95%
ZCountries starting with ZZambia
93%
ZCountries starting with ZZimbabwe
93%
YCountry 20 miles east of DjiboutiYemen
93%
ULiberia was founded by the freed
slaves from this country
United States
92%
ZFormer name of D.R. CongoZaire
89%
UCountry that once controlled over
30% of the African lands
United
Kingdom
86%
WCapital of NamibiaWindhoek
85%
JCapital of South SudanJuba
84%
ZRiver where the Victoria Falls lieZambezi
82%
UNamibia is world's 4th-largest
producer of this metal
Uranium
82%
ZBotswana's national animalZebra
81%
WMeaning of "Casablanca"White House
81%
WDisputed territory claimed by
Morocco and the Sahrawi Republic
Western
Sahara
81%
YCapital of CameroonYaoundé
78%
YMuslim Bantu group in Malawi or a
famous Chinese basketballer
Yao
78%
VBurial place of the major
Ancient Egyptian royal figures
{Valley} of
the Kings
77%
V2010 FIFA World Cup noisemakerVuvuzela
71%
ZGroup once led by King ShakaZulu
71%
VReligion practiced by 11.6% of BeninVodun
70%
XType of music instrument balafon isXylophone
70%
ZIsland that is home to Stone TownZanzibar
68%
J265,000 of these people lived in
Morocco in 1948. Now it's 2,200
Jews
68%
YStaple crop of West AfricaYam
68%
WType of wild pig. Pumbaa is oneWarthog
64%
YTropical disease that probably
originated in Africa
Yellow Fever
64%
XNelson Mandela's ethnic groupXhosa
62%
WAnimal with a "Great migration"Wildebeest
60%
UFull official name of Comoros{Union} of the
Comoros
56%
UFormer name of Burkina FasoUpper Volta
53%
WProvince of Cape TownWestern Cape
52%
V"Shocking" river of GhanaVolta River
51%
URiver Bangui sits on; just move one
letter to another place
Ubangi
49%
YLanguage mainly spoken in LagosYoruba
48%
JType of wild dogJackal
45%
WVibranium-rich countryWakanda
45%
VMadagascar's top agricultural exportVanilla
34%
WRiver starting in Africa's largest lakeWhite Nile
33%
VScrubland ecosytem of Southern AfricaVeld
32%
ZSubspecies of "humped" cattleZebu
30%
WNamibia's only natural harbor{Walvis} Bay
26%
WLingua franca of SenegalWolof
25%
JCapital of Saint Helena islandJamestown
25%
JCommon Swahili word for "hello"Jambo
25%
VSouth African official languageVenda
19%
USwahili for freedom / Kilimanjaro peakUhuru
16%
JHistorical market square in
Marrakesh, Morocco
{Jemaa}
el-Fnaa
16%
WMeaning of Ghana's name{Warrior} King
14%
UPhoenician colony in TunisiaUtica
12%
VRwandan national park that is home
to the mountain gorillas
{Volcano}es
11%

Score Distribution

Percentile by Number Answered

Percent of People with Each Score

Your Score History

You have not taken this quiz since the last reset